[Event "GER-ch Seniors"]
[Site "Dresden"]
[Date "2012.08.13"]
[Round "5"]
[White "Kreie, Guenther"]
[Black "Ries, Benjamin"]
[Result "0-1"]
[WhiteElo "1958"]
[BlackElo "1962"]
[PlyCount "46"]
[EventDate "2012.08.09"]
[EventType "swiss"]
[EventRounds "9"]
[EventCountry "GER"]
[SourceTitle "EXT 2014"]
[Source "ChessBase"]
[SourceDate "2013.11.20"]
[SourceVersion "1"]
[SourceVersionDate "2013.11.20"]
[SourceQuality "1"]

1. e4 c5 2. Nf3 d6 3. d4 cxd4 4. Nxd4 Nf6 5. Nc3 a6 6. a4 e5 7. Nb3 Be6 8. Bg5 Be7 9. Bxf6 Bxf6 10. Nd5 Nd7 11. a5 0-0 12. Be2 Rc8 13. c3 Nc5 14. Nxc5 dxc5 15. c4 Rc6 16. Qb3 Bc8 17. 0-0 g6 18. Rfd1 Bg7 19. Rd3 f5 20. f3 Kh8 21. g3 Qg5 22. Rdd1 f4 23. g4 h5 0-1

[Event "GER-ch Seniors"]
[Site "Dresden"]
[Date "2012.08.11"]
[Round "3"]
[White "Kreie, Guenther"]
[Black "Hobusch, Werner"]
[Result "0-1"]
[WhiteElo "1958"]
[BlackElo "2161"]
[PlyCount "40"]
[EventDate "2012.08.09"]
[EventType "swiss"]
[EventRounds "9"]
[EventCountry "GER"]
[SourceTitle "EXT 2014"]
[Source "ChessBase"]
[SourceDate "2013.11.20"]
[SourceVersion "1"]
[SourceVersionDate "2013.11.20"]
[SourceQuality "1"]

1. e4 c5 2. Nf3 Nc6 3. d4 cxd4 4. Nxd4 g6 5. Nc3 Bg7 6. Be3 Nf6 7. Bc4 Qa5 8. 0-0 0-0 9. Bb3 d6 10. h3 Bd7 11. f4 Nxd4 12. Bxd4 Bc6 13. Nd5 Bxd5 14. exd5 Nd7 15. Bxg7 Kxg7 16. Qd4+ Kg8 17. Rad1 Rfe8 18. Ba4 b5 19. Bb3 Qb6 20. Qxb6 Nxb6 0-1

[Event "Bayern-ch Seniors 24nd"]
[Site "Bergen"]
[Date "2012.06.23"]
[Round "8"]
[White "Oser, Thor"]
[Black "Kreie, Guenther"]
[Result "0-1"]
[WhiteElo "1606"]
[BlackElo "1764"]
[PlyCount "30"]
[EventDate "2012.06.16"]
[EventType "swiss"]
[EventRounds "9"]
[EventCountry "GER"]
[SourceTitle "EXT 2015"]
[Source "ChessBase"]
[SourceDate "2014.11.20"]
[SourceVersion "1"]
[SourceVersionDate "2014.11.20"]
[SourceQuality "1"]

1. d4 Nf6 2. e3 d5 3. Bd3 e6 4. f4 c5 5. c3 Be7 6. Nf3 Ne4 7. 0-0 Nd7 8. Ne5 Ndf6 9. Qf3 h5 10. Nd2 Nxd2 11. Bxd2 Bd7 12. Nxd7 Qxd7 13. h3 g6 14. b3 Rc8 15. Qg4 hxg4 0-1

[Event "Bayern-ch Seniors 24nd"]
[Site "Bergen"]
[Date "2012.06.22"]
[Round "7"]
[White "Kreie, Guenther"]
[Black "Aigner, Georg"]
[Result "0-1"]
[WhiteElo "1764"]
[BlackElo "1894"]
[PlyCount "26"]
[EventDate "2012.06.16"]
[EventType "swiss"]
[EventRounds "9"]
[EventCountry "GER"]
[SourceTitle "EXT 2015"]
[Source "ChessBase"]
[SourceDate "2014.11.20"]
[SourceVersion "1"]
[SourceVersionDate "2014.11.20"]
[SourceQuality "1"]

1. e4 e5 2. Nf3 Nc6 3. Bc4 Bc5 4. c3 Nf6 5. d4 exd4 6. cxd4 Bb4+ 7. Bd2 Bxd2+ 8. Nbxd2 d5 9. exd5 Nxd5 10. 0-0 0-0 11. a3 Nb6 12. Qc2 Nxd4 13. Bd3 Nxc2 0-1

[Event "Bayern-ch Seniors 24nd"]
[Site "Bergen"]
[Date "2012.06.18"]
[Round "3"]
[White "Kreie, Guenther"]
[Black "Etzold, Ernst Walter"]
[Result "0-1"]
[WhiteElo "1764"]
[BlackElo "2014"]
[PlyCount "36"]
[EventDate "2012.06.16"]
[EventType "swiss"]
[EventRounds "9"]
[EventCountry "GER"]
[SourceTitle "EXT 2015"]
[Source "ChessBase"]
[SourceDate "2014.11.20"]
[SourceVersion "1"]
[SourceVersionDate "2014.11.20"]
[SourceQuality "1"]

1. e4 d6 2. d4 Nf6 3. Nc3 c6 4. f4 Qa5 5. Bd2 Qb6 6. Nf3 Bg4 7. e5 dxe5 8. fxe5 Nd5 9. Nxd5 cxd5 10. Bc3 Nc6 11. Be2 e6 12. 0-0 Be7 13. Qd2 Bxf3 14. Bxf3 Na5 15. Be2 Nc6 16. Kh1 0-0 17. a3 Rac8 18. Rae1 Qd8 0-1